Am dichtesten besiedelte Gemeinden Österreichs - Statistiken

Allgemein
  • Dieses Quiz wurde 48 mal gespielt
  • Das Durchschnittsergebnis liegt bei 8 aus 20
Antwortstatistiken
Dichte Einwohner Fläche Bezirk Bundesland Gemeinde % Korrekt
4.574 1.897.491 414.87 km² Wien Wien Wien
100%
2.143 205.726 95.99 km² Linz Oberösterreich Linz
93%
2.349 154.211 65.64 km² Salzburg Salzburg Salzburg
88%
2.265 288.806 127.48 km² Graz Steiermark Graz
76%
1.439 38.193 26.54 km² Steyr Oberösterreich Steyr
61%
2.067 20.570 9.95 km² Mödling Niederösterreich Mödling
46%
1.591 24.650 15.49 km² Linz-Land Oberösterreich Traun
44%
2.530 13.942 5.51 km² Innsbruck-Land Tirol Hall in Tirol
41%
1.364 13.245 9.71 km² Korneuburg Niederösterreich Korneuburg
41%
1.781 12.055 6.77 km² Ried im Innkreis Oberösterreich Ried im Innkreis
41%
3.709 408 0.11 km² Kufstein Tirol Rattenberg
37%
1.642 11.924 7.26 km² Mödling Niederösterreich Brunn am Gebirge
22%
1.469 4.127 2.81 km² Eferding Oberösterreich Eferding
15%
1.562 9.433 6.04 km² Mödling Niederösterreich Wiener Neudorf
15%
1.646 8.675 5.27 km² Mödling Niederösterreich Maria Enzersdorf
12%
2.647 953 0.36 km² Innsbruck-Land Tirol Matrei am Brenner
12%
1.620 4.503 2.78 km² Kirchdorf an der Krems Oberösterreich Kirchdorf an der Krems
5%
1.702 4.390 2.58 km² Vöcklabruck Oberösterreich Schwanenstadt
5%
1.712 4.349 2.54 km² Wiener Neustadt-Land Niederösterreich Felixdorf
0%
1.776 2.646 1.49 km² Baden Niederösterreich Hirtenberg
0%
Keine übereinstimmenden Quizze gefunden
Verteilung der Resultate
Anzahl Personen mit jedem Resultat
Perzentil nach korrekt beantworteten Fragen
Ihre Resultats-Entwicklung
Sie haben dieses Quiz noch nicht gespielt